About the United States
Guardado en:
| Formato: | Libro |
|---|---|
| Lenguaje: | inglés |
| Publicado: |
[S.l.]
United States Information Agency
1992
|
| Edición: | 1. ed. |
| Materias: | |
| Etiquetas: |
Sin Etiquetas, Sea el primero en etiquetar este registro!
|
MARC
| LEADER | 00000nam a2200000 4500 | ||
|---|---|---|---|
| 001 | c005411 | ||
| 005 | 20250515092644.5 | ||
| 041 | 0 | |a eng | |
| 044 | |a US | ||
| 245 | 1 | 0 | |a About the United States |
| 250 | |a 1. ed. | ||
| 264 | 1 | |a [S.l.] |b United States Information Agency |c 1992 | |
| 300 | |a 120 s. |e 1 mp. príl. | ||
| 610 | 2 | 0 | |a USA |
| 610 | 2 | 0 | |a geografia |
| 610 | 2 | 0 | |a populácia |
| 610 | 2 | 0 | |a politika vnútorná |
| 610 | 2 | 0 | |a politika hospodárska |
| 610 | 2 | 0 | |a politika sociálna |
| 610 | 2 | 0 | |a história |
| 610 | 2 | 0 | |a kultúra |
| 610 | 2 | 0 | |a náboženstvo |
| 610 | 2 | 0 | |a priemysel |
| 610 | 2 | 0 | |a poľnohospodárstvo |
| 610 | 2 | 0 | |a školstvo |
| 610 | 2 | 0 | |a národnosti |